Loading...

ملخص رحلتي إبن عبد السلام الدرعي المغربي /

Bibliographic Details
Main Author: حمد الجابر
Format: Printed Book
LEADER 00468nam a2200109Ia 4500
008 150527150527b xxu||||| |||| 00| 0 ara d
082 |a 910.4 
100 |a حمد الجابر 
245 |c by حمد الجابر  |a ملخص رحلتي إبن عبد السلام الدرعي المغربي / 
942 |c BK 
999 |c 172404  |d 172404 
952 |0 0  |1 0  |4 0  |6 910_400000000000000_حمد_م  |7 0  |9 191077  |a ARA  |b ARA  |c ST1  |d 2015-05-27  |i 3707  |l 0  |o 910.4 حمد/م  |p ARA003707  |r 2015-05-27  |w 2015-05-27  |y BK